000 00677nam a2200277Ia 4500
008 210210b2020 xxu||||| |||| 00| 0 eng d
020 _a9789389538809
041 _aeng
082 _a539 GAUS
100 _aGAUTREAU (Ronald)
245 _aSchaums outline of theory and problems of modern physics Ed 2
250 _a
260 _aNoida
_bMcGraw Hill Education (India) Private Limited
_c2020
300 _aix,338
650 _atheory
650 _aSchaums
650 _aproblems
650 _aphysics
650 _aoutline
650 _amodern
650 _aEd
650 _a2
690 _aModern Physics
700 _aSAVIN (William)
906 _a074164
999 _c123961
_d123961